000 00530nam a2200205Ia 4500
003 OSt
005 20220926045645.0
006 a|||||r|||| 00| 0
007 ta
008 220923b |||||||| |||| 00| 0 eng d
037 _cGeneral Book
040 _aRTL
_cRTL
_beng
041 _2eng
_aeng
082 _aYv1.N, L5/TD
100 _aJESSER Clinton Joyee
_9350508
245 0 _aSocial theory revisited.
260 _c1975
942 _hYv1.N, L5/TD
_cGB
_2CC
999 _c678293
_d678293